000 00388nam a2200145Ia 4500
008 151213s9999 xx 000 0 und d
100 _aJoanna Ledgenwood
245 _aMicro finance Hand Book
_cJoanna Ledgenwood
260 _aWaylington D.C.
_bThe World Bank
_c1999
300 _a3618 p.
650 _aEconomics
650 _aEconomics
700 _aJoanna Ledgenwood
999 _c2413
_d2413